Problems of democracy : the United States in a changing world. Teacher's manual and answer book /

Saved in:
Bibliographic Details
Main Author: Bohlman, Edna McCaull.
Other Authors: Bohlman, Herbert W., 1896-1968.
Format: Book
Language:English
Published: New York : Holt, Rinehart and Winston, c1964.
Series:American problems series.
Subjects:
Tags: Add Tag
No Tags, Be the first to tag this record!
LEADER 01292cam a2200301Ia 4500
001 011865527-2
005 20121031131601.0
008 871218s1964 nyu d b 000 0 eng d
035 |a (Crl)b2617702x 
035 0 |a ocm17256828 
040 |a IBS  |c IBS  |d OCLCQ  |d CRL  |d MH 
050 4 |a H83  |b .B64 1964 Teacher's manual 
100 1 |a Bohlman, Edna McCaull. 
245 1 0 |a Problems of democracy :  |b the United States in a changing world.  |p Teacher's manual and answer book /  |c prepared by Edna and Herbert Bohlman. 
260 |a New York :  |b Holt, Rinehart and Winston,  |c c1964. 
300 |a iii, 67 p. ;  |c 24 cm. 
490 0 |a American problems series. 
500 |a Accompanies Problems of democracy / Edna Bohlman and Herbert Bohlman. 
504 |a Includes bibliographical references (p. 53-67) 
521 2 |a High School. 
650 0 |a Civics  |x Study and teaching (Secondary)  |v Textbooks. 
650 0 |a Civics  |v Textbooks. 
651 0 |a United States  |x Politics and government  |v Textbooks. 
650 0 |a Civics  |x Study and teaching (Secondary) 
700 1 |a Bohlman, Herbert W.,  |d 1896-1968. 
776 0 8 |i Online version:  |a Bohlman, Edna McCaull.  |t Problems of democracy Teacher's manual and answer book.  |d New York : Holt, Rinehart and Winston, ©1964  |w (OCoLC)757299517 
988 |a 20090224 
906 |0 OCLC